IDOLY PRIDE 全楽曲 - Statistics

General Stats
  • This quiz has been taken 7 times
    6 since last reset
  • The average score is 18 of 74
Answer Stats
アーティスト名 曲名 % Correct
ソロ 兵藤雫(CV.首藤志奈) drop
80%
ソロ 長瀬麻奈(CV.神田沙也加) First Step
80%
ユニット 星見プロダクション IDOLY PRIDE
80%
ユニット 月のテンペスト 月下儚美
60%
ユニット 月のテンペスト 恋と花火
60%
ユニット 月のテンペスト 最愛よ君に届け
60%
ユニット サニーピース SUNNY PEACE HARMONY
60%
ユニット 星見プロダクション サヨナラから始まる物語
40%
ユニット サニーピース サマー♡ホリデイ
40%
ユニット TRINITYAiLE チョコラブキッス
40%
グループ ぱじゃパ! パジャマパーティー
40%
デュエット 天動瑠依(CV.雨宮天)兵藤雫(CV.首藤志奈) クロッカスの扉
40%
デュエット 長瀬琴乃(CV.橘美來)伊吹渚(CV.夏目ここな) 君がのぞくレンズ
40%
ソロ 長瀬麻奈(CV.神田沙也加) 星の海の記憶
40%
ソロ 川咲さくら(CV.菅野真衣) もういいよ
40%
ユニット TRINITYAiLE Aile to Yell
40%
ユニット 星見プロダクション Fight oh! MIRAI oh!
40%
ユニット TRINITYAiLE lumiere
40%
ユニット 星見プロダクション MELODIES
40%
ソロ 一ノ瀬怜(CV.結城萌子) No.1☆
40%
ユニット 月のテンペスト Question
40%
デュエット 早坂芽衣(CV.日向もか)成宮すず(CV.相川奏多) shiny shiny
40%
ソロ 長瀬麻奈(CV.神田沙也加) song for you
40%
ユニット LizNoir The Last Chance
40%
ユニット 月のテンペスト The One and Only
40%
ユニット 月のテンペスト 裏と表
20%
ユニット 月のテンペスト 月ノヒカリ
20%
ユニット サニーピース 全力!絶対!!カウントダウン!!!
20%
ユニット LizNoir セカイは夢を燃やしたがる
20%
ユニット LizNoir 最高優美ロンリネス
20%
グループ 長瀬琴乃(CV.橘美來)川咲さくら(CV.菅野真衣) 天動瑠依(CV.雨宮天) 神崎莉央(CV.戸松遥) それを人は“青春”と呼んだ
20%
グループ 長瀬琴乃(CV.橘美來)川咲さくら(CV.菅野真衣) 天動瑠依(CV.雨宮天) 神崎莉央(CV.戸松遥) fran(CV.Lynn) 友達だよ、いつの日も
20%
ソロ 白石千紗(CV.高尾奏音) ちいさな物語
20%
ソロ 白石沙季(CV.宮沢小春) 風になっていく
20%
ソロ 井川葵(CV.高垣彩陽) スフォルツァート
20%
ユニット ⅢX Bang Bang
20%
デュエット 白石沙季(CV.宮沢小春)白石千紗(CV.高尾奏音) つながる心Binary
20%
ユニット LizNoir Blue sky summer
20%
ユニット 月のテンペスト Daytime Moon
20%
ユニット サニーピース EVERYDAY! SUNNYDAY!
20%
ユニット LizNoir GIRI-GIRI borderless world
20%
ユニット サニーピース Hi5でピースサイン!
20%
ユニット どりきゅん Ignition
20%
ユニット TRINITYAiLE les plumes
20%
ユニット サニーピース Let's Go!Let's Go!ピース!ピース!
20%
ユニット 星見プロダクション Pray for you
20%
ソロ 長瀬麻奈(CV.神田沙也加) Precious
20%
ユニット TRINITYAiLE réaliser
20%
ユニット 星見プロダクション Shine Purity ~輝きの純度~
20%
ユニット LizNoir Shiny Mystery Tour
20%
ユニット LizNoir Shock out, Dance!!
20%
ユニット ⅢX So What?
20%
ユニット 星見プロダクション The Sun, Moon and Stars
20%
ユニット 星見プロダクション 星色のカイレドスコープ
0%
ユニット 月のテンペスト クリスマスには君と
0%
ユニット TRINITYAiLE ひめごとリップ
0%
ユニット LizNoir 星のように夜を照らせ
0%
グループ 赤崎こころ(CV.豊崎愛生)奥山すみれ(CV.夏川椎菜) kana(CV.田中あいみ) 小美山愛(CV.寿美菜子) 鈴村優(CV.麻倉もも) 恋心 ああ無情
0%
ソロ 長瀬琴乃(CV.橘美來) 未来模様
0%
ソロ 早坂芽衣(CV.日向もか) ひと夏の永遠
0%
ソロ 伊吹渚(CV.夏目ここな) 欲しいよ
0%
ユニット ⅢX Blow Up
0%
ソロ fran(CV.Lynn) CHOOSE ME CHOOSE ME
0%
ユニット LizNoir Darkness sympathizer
0%
デュエット 一ノ瀬怜(CV.結城萌子)早坂芽衣(CV.日向もか) ココロ Distance
0%
デュエット 一ノ瀬怜(CV.結城萌子)佐伯遙子(CV.佐々木奈緒) Do you believe in music?
0%
ユニット 星見プロダクション Gemstones
0%
ユニット TRINITYAiLE Magical Melody
0%
ユニット サニーピース Shining Days
0%
ソロ 小美山愛(CV.寿美菜子) Slurp It Up
0%
ユニット サニーピース SUNNY PEACE for You and Me!
0%
ユニット ⅢX Top of the Tops
0%
ユニット TRINITYAiLE Victoire
0%
ソロ 佐伯遙子(CV.佐々木奈緒) voyage
0%
No matching quizzes found
Score Distribution
Percent of People with Each Score
Percentile by Number Answered
Your Score History
You have not taken this quiz since the last reset